1983 1943 1499 1352 1065 1190 1561 1965 1442 1987 1285 1941 1682 1717 1135 1449 1966 1397 1613 1642 1852 1503 1248 1688 1259 1548 1104 1674 1633 1601 1019 1887 1441 1450 1032 1732 1923 1297 1703 1861 1659 1506 1897 1549 1571 1298 1199 1576 1469 1693 1117 1385 1660 1211 1667 1324 1481 1088 1010 1909 1787 1172 1392 1626 1774 1362 1744 1932 1430 1766 1214 1423 1921 1073 1148 1513 1188 1922 1433 1441 1867 1098 1550 1014 1171 1077 1871 1081 1011 1722 1135 1095 1921 1904 1565 1561 1147 1042 1690 BCNSPRNW ULIB Ver.6.0+V

เปลี่ยนเป็นภาษาไทย

Change to English
 แสดงรายละเอียดบรรณานุกรม
  กลับหน้าหลัก

Brief Record : Get Marc (ISO 2709) : E-mail record : QR code < ปิดหน้าต่าง
LEADER : 00000nam 2200000uu 4500
001    13399112705
003     ULIB
008    110905s2523||||th 000 0 tha d
020    9746138677
050  4 LB215^bส719ก ล.1 2548
245 00 เอกสารการสอนชุดวิชา การศึกษากับชีวิตและชุมชน หน่วยที่ 1-8 =^bEducation abd life and community/^cสาขาวิชาศึกษาศาสตร์มหาวิทยาลัยสุโขทัยธรรมาธิราช
246 30 การศึกษากับชีวิตและชุมชน
246 31 Education abd life and community
250    พิมพ์ครั้งที่ 22
260    กรุงเทพฯ :^bมหาวิทยาลัย,^c2523
300    508 หน้า :^bภาพประกอบ, แผนภูมิ ;^c30 ซม.
500    เอกสารการสอนชุดวิชา 20203 การศึกษากับชีวิตและชุมชน
650  4 การศึกษากับสังคม
650  4 การศึกษากับการพัฒนาประเทศ
650  4 ครู
650  4 ชุมชนกับโรงเรียน
650  4 อนามัยชุมชน
710 2  มหาวิทยาลัยสุโขทัยธรรมาธิราช. ^bสาขาวิชาศึกษาศาสตร์
945    ^p0^l0^i018575
995    ทศพร
999 ^a ทศพร
รายการนี้ยังไม่มีแท็ก
คุณยังไม่ได้ล็อกอิน คุณสามารถมีกิจกรรมร่วมกับเว็บไซต์ได้ แต่ต้องล็อกอินก่อน ::
  ล็อกอิน

รายการสื่อสารสนเทศ

ลำดับที่ ประเภท เลขเรียก/บาร์โค้ด สถานที่ สถานะ
- ไม่พบข้อมูล -

รายการใกล้เคียง
    หัวเรื่อง [การศึกษากับสังคม]
    หัวเรื่อง [การศึกษากับการพัฒนาประเทศ]
    หัวเรื่อง [ครู]
    หัวเรื่อง [ชุมชนกับโรงเรียน]
    หัวเรื่อง [อนามัยชุมชน]

BibComment


ยังไม่เคยถูกคอมเมนท์

คอมเมนท์ทรัพยากรรายการนี้
  คอมเมนท์: เอกสารการสอนชุดวิ..


 Copyright 2026. Bcnsprnw @Library